| Tag |
First Indicator |
Second Indicator |
Subfields |
| LEADER |
00000cam a2200000 i 4500 |
| 001 |
in00005727921 |
| 005 |
20260319205721.6 |
| 006 |
m o d |
| 007 |
cr ||||||||||| |
| 008 |
250120t20252025nyua fob 000 0 eng d |
| 040 |
|
|
|a STBDS
|b eng
|e rda
|e pn
|c STBDS
|d OCLCO
|d EBLCP
|d CLOUD
|d UKKRT
|d UKMGB
|d UPM
|d OCLCQ
|d Z@L
|d IUL
|
| 015 |
|
|
|a GBC500601
|2 bnb
|
| 016 |
7 |
|
|a 300476549
|2 Uk
|
| 020 |
|
|
|a 9780191871368
|q (ebook)
|
| 020 |
|
|
|a 0191871362
|q (ebook)
|
| 020 |
|
|
|z 9780198832997
|q (hardcover)
|
| 020 |
|
|
|z 0198832990
|q (hardcover)
|
| 020 |
|
|
|z 9780198833000
|q (paperback)
|
| 020 |
|
|
|z 0198833008
|q (paperback)
|
| 024 |
7 |
|
|a 10.1093/oso/9780198832997.001.0001
|2 doi
|
| 024 |
8 |
|
|a CIPO000186509
|
| 035 |
|
|
|a (OCoLC)1485237236
|
| 050 |
|
4 |
|a SD373
|b .B8 2025
|
| 082 |
0 |
4 |
|a 634.92
|2 23/eng/20250829
|
| 049 |
|
|
|a TXAM
|
| 100 |
1 |
|
|a Burton, Philip J.,
|e author.
|1 https://id.oclc.org/worldcat/entity/E39PCjDWYMmCdb7w4p3vkCg7Vy
|
| 245 |
1 |
0 |
|a Resilient forest management /
|c Philip J. Burton.
|
| 264 |
|
1 |
|a New York, NY :
|b Oxford University Press,
|c [2025]
|
| 264 |
|
4 |
|c ©2025
|
| 300 |
|
|
|a 1 online resource (xi, 376 pages):
|b illustrations.
|
| 336 |
|
|
|a text
|b txt
|2 rdacontent
|
| 337 |
|
|
|a computer
|b c
|2 rdamedia
|
| 338 |
|
|
|a online resource
|b cr
|2 rdacarrier
|
| 504 |
|
|
|a Includes bibliographical references.
|
| 505 |
0 |
|
|a Part I Fundamentals -- The Evolving Scope of Forest Management -- Forest Values and Zoning -- In Pursuit of Sustainability -- 4 Resilience Concepts -- Part II Promoting resilience in the management of forest ecosystems -- 5 Enhancing General Resilience in Forests -- Climatic Influences and Forest Vulnerabilities -- Fostering Climate Change Resilience -- Resilience to Forest Disturbances -- Part III Synthesis and Direction -- 9 Restoring Forests for Resilience -- Resilience through Adaptive Management -- What Resilient Forest Management Looks Like -- Forest Stewardship Based on Socio-Ecological Principles.
|
| 520 |
|
|
|a "Global forest management is now grappling with ways to address the many dimensions of global change, including a warming climate and increasing forest disturbance from fires and pest outbreaks, along with changes in public values. However, the dominant forest management paradigms still assume a constant and predictable world in which command-and-control (i.e., treating long-lived forests much like short-lived agricultural crops) and single-value (i.e., timber) optimization still prevail. This novel text argues for new approaches to forest management that focus on resilience and embracing adaptability to the changing socio-ecological environment as it unfolds. Resilience is the ability of a system to maintain its essential attributes (in the form of composition, structure, and/or function) in response to stress, disruption, or disturbance. Managing a system for resilience places an emphasis on persistence rather than growth, efficiency, or profitability, which can be fulfilled by enhancing the capacity to resist change (i.e., robustness) or by enhancing the capacity to incorporate change in desirable directions (i.e., flexibility), or a combination of the two. Resilient Forest Management develops many of the same resilience-enhancing strategies for protected areas, multi-purpose forests, and timber production lands, but with different degrees of emphasis. Featured prominently are practices that enhance diversity, connectivity in space and time, and adaptive management as informed by vulnerability analysis and broad stakeholder consultation. In so doing, Resilient Forest Management builds on foundational concepts of ecological forestry and our understanding of complex adaptive systems and takes sustainable forest management to the next level. Resilient Forest Management will be suitable as a primary or supplementary text in forest policy and management. It will appeal to graduate-level students and researchers in the fields of forestry and conservation along with active policymakers in government, the forest industry, and environmental non-governmental organizations. While focused on forestry, parks managers, agriculturists, and urban planners too will find much useful insight and many creative solutions to sustainable development in a changing world." -- Publisher's description.
|
| 588 |
0 |
|
|a Description based on online resource; title from home page (Oxford Academic, viewed February 13, 2026).
|
| 650 |
|
0 |
|a Forest management.
|
| 650 |
|
0 |
|a Forests and forestry.
|
| 650 |
|
0 |
|a Resilience (Ecology)
|
| 650 |
|
6 |
|a Forêts
|x Gestion.
|
| 650 |
|
6 |
|a Résilience (Écologie)
|
| 650 |
|
7 |
|a Life Sciences.
|2 bisacsh
|
| 650 |
|
7 |
|a SCIENCE.
|2 bisacsh
|
| 650 |
|
7 |
|a Agriculture & farming.
|2 thema
|
| 650 |
|
7 |
|a Farming and Country Life.
|2 ukslc
|
| 655 |
|
7 |
|a Electronic books.
|2 local
|
| 710 |
2 |
|
|a ProQuest (Firm)
|
| 776 |
0 |
8 |
|i Print version:
|a Burton, Philip J.
|t Resilient forest management.
|d New York, NY : Oxford University Press, 2025
|z 0198833008
|w (OCoLC)1513377312
|
| 856 |
4 |
0 |
|u http://proxy.library.tamu.edu/login?url=https://academic.oup.com/book/59587
|z Connect to the full text of this electronic book
|t 0
|
| 936 |
|
|
|a BATCHLOAD
|
| 955 |
|
|
|a Oxford Scholarship Online
|
| 994 |
|
|
|a 92
|b TXA
|
| 999 |
f |
f |
|i 52cae487-8a1e-4060-bc04-a76ad988752b
|s c9b62c01-83ab-4c75-b274-9e5ef969776f
|t 0
|
| 952 |
f |
f |
|a Texas A&M University
|b College Station
|c Electronic Resources
|s www_evans
|d Available Online
|t 0
|e SD373 .B8 2025
|h Library of Congress classification
|
| 998 |
f |
f |
|a SD373 .B8 2025
|t 0
|l Available Online
|